Informe geológico de reconocimiento al proyecto Pacuare. Sitios de presa

Salvato in:
Dettagli Bibliografici
Autore principale: Umaña, Jorge E.
Altri autori: Massetta, Giusseppe
Natura: Libro
Lingua:Spanish
Pubblicazione: [San José, Costa Rica] 1971
Soggetti:
Tags: Aggiungi Tag
Nessun Tag, puoi essere il primo ad aggiungerne!!

MARC

LEADER 00000nam a2200000Ia 4500
003 002311
005 20221231143956.0
008 140114s1971 cr a 000 ||spa d
040 |c cru CEDI 
082 |a 557.286 U48i 
100 |a Umaña, Jorge E.  |9 21410 
245 |a Informe geológico de reconocimiento al proyecto Pacuare. Sitios de presa 
260 |a  [San José, Costa Rica]  |c 1971 
300 |a 34 páginas : ilustraciones, mapas,láminas, fotos  
500 |a Datos tomados de la portada: Colaboración del Instituto Costarricense de Electricidad a la III Reunión de Geólogos de América Central  
610 0 |a INSTITUTO COSTARRICENSE DE ELECTRICIDAD.. PROYECTO HIDROELECTRICO PACUARE  |9 21414 
650 |x GEOLOGIA - COSTA RICA  |9 681 
700 |a Massetta, Giusseppe  |9 21411 
942 |2 ddc  |c BK 
999 |c 15053  |d 15053